000 01075nam a2200241 a 4500
001 38559
003 BD-RjUL
005 20211209052821.0
008 151230s1970 bg ||||| |||| 001 0 ben d
035 _a(BD-RjUL)38664
040 _aBD-RjUL
_bben
_cBD-RjUL
_dBD-RjUL
041 _aben
082 _223
_a891.443
_bHOU 1970
100 _aহোসেন, মীর মশাররফ
_9119015
245 _aউদাসীন পথিকের মণের কথা /
_cহোসেন, মীর মশাররফ প্রণীত এ. কে. এম. শামসুল ইসলাম সম্পাদিত
260 _aবাংলাবাজার, ঢাকা :
_bষ্টুডেন্ট ওয়েজ,
_c১৯৭০
300 _a২৪, ২১২ পৃ. ;
_c২১ সেমি.
504 _aনির্ঘন্ট সংযুক্ত ।
650 _aবাংলা
_vউপন্যাস
_9118345
650 _aBengali
_vNovel
_9118994
700 _aইসলাম, এ. কে. এম. শামসুল
_9119016
942 _2ddc
_cBK
_01
999 _c38559
_d38559